El Pas : butlletí informatiu : participació, associacionisme butlletí informatiu :
ISBN:
1579-5624
Publicado:
Barcelona :
Diputació de Barcelona : Flor de Maig, Centre per a la Participació Ciutadana ,
2002
Descripción Física:
6 vols. ; periodicitat: trimestral ; 30cm
MARC
| LEADER | 00000nas a2200000 a 4500 | ||
|---|---|---|---|
| 001 | 28155 | ||
| 003 | AGDB | ||
| 005 | 20260324175629.0 | ||
| 008 | 160829s9999 xx 000 0 cat d | ||
| 017 | |a B 9549-2002 | ||
| 020 | |a 1579-5624 | ||
| 040 | |a agdb |b cat | ||
| 245 | |a El Pas : |b butlletí informatiu : |b participació, associacionisme | ||
| 260 | |a Barcelona : |b Diputació de Barcelona : |b Flor de Maig, Centre per a la Participació Ciutadana ; |c 2002- | ||
| 300 | |a 6 vols. ; |b periodicitat: trimestral ; |c 30cm | ||
| 310 | |a Trimestral | ||
| 362 | |a 1 (1r trimestre 2002)- | ||
| 610 | 2 | 0 | |a Organisme Autònom Flor de Maig |v Revistes |9 54174 |
| 650 | |a Administració local |x Participació ciutadana |x Revistes |9 35794 | ||
| 650 | |a Associacionisme |x Revistes I |9 35795 | ||
| 650 | |a Voluntariat |x Revistes |9 35796 | ||
| 655 | 0 | |9 55823 |a Revistes | |
| 710 | 2 | |a Organisme Autònom Flor de Maig |9 54170 | |
| 866 | |a 2002 (1-4) | ||
| 866 | |a 2003 (5-6) | ||
| 901 | |a Arxiu | ||
| 942 | |n 1 |2 udc |c REV | ||
| 952 | |0 0 |1 0 |2 udc |4 0 |6 REV2268 |7 1 |9 47074 |a Arxiu |b Arxiu |d 2016-12-01 |h Núm. 1 (1r trimestre 2002) - Núm. 6 (abril/maig 2003) |o Rev-2268 |p 28155 |r 2016-12-01 00:00:00 |w 2016-12-01 |y ARXIU | ||
| 999 | |c 50868 |d 50868 | ||